MARC

LEADER 00000nam0a2200000 4500
001 273575
005 20231101234637.0
020 |a RU  |b 87-79714 
035 |a (RuTPU)RU\TPU\book\296784 
090 |a 273575 
100 |a 20141028d1987 k y0rusy5003 ca 
101 0 |a rus 
102 |a RU 
105 |a a z 001zy 
200 1 |a Введение в геоисторический прогноз  |f А. Я. Кравчинский  |g Академия наук СССР (АН СССР), Сибирское отделение (СО), Институт геологии и геофизики (ИГиГ) ; Восточно-Сибирский научно-исследовательский институт геологии, геофизики и минерального сырья (ВостСибНИИГГиМС) ; отв. ред. С. И. Шерман 
210 |a Новосибирск  |c Наука  |d 1987 
215 |a 93 с.  |c ил. 
320 |a Библиогр.: с. 88-92 
606 1 |a Геология историческая  |2 stltpush  |3 (RuTPU)RU\TPU\subj\6118  |9 34076 
606 1 |a Палеомагнетизм  |2 stltpush  |3 (RuTPU)RU\TPU\subj\47992  |9 66874 
610 1 |a методология 
610 1 |a палеомагнитные исследования 
610 1 |a сопряженность 
610 1 |a геомагнитные инверсии 
610 1 |a геоисторический прогноз 
610 1 |a проверка 
610 1 |a монографии 
675 |a 551.7  |z rus  |v 3 
675 |a 550.384  |z rus  |v 3 
700 1 |a Кравчинский  |b А. Я.  |g Анатолий Яковлевич  |4 070 
702 1 |a Шерман  |b С. И.  |4 340 
712 0 2 |a Академия наук СССР (АН СССР)  |b Сибирское отделение (СО)  |b Институт геологии и геофизики (ИГиГ)  |c (Новосибирск)  |2 stltpush  |3 (RuTPU)RU\TPU\col\128 
712 0 2 |a Восточно-Сибирский научно-исследовательский институт геологии, геофизики и минерального сырья (ВостСибНИИГГиМС)  |c (Иркутск)  |2 stltpush  |3 (RuTPU)RU\TPU\col\2421 
801 0 |a RU  |b RuMRKP  |c 19950417  |g psbo 
801 1 |a RU  |b 63413507  |c 20141028 
801 2 |a RU  |b 63413507  |c 20170113  |g RCR 
942 |c BK